Roll Away Saloon (Record no. 353167)
[ view plain ]
| 000 -LEADER | |
|---|---|
| fixed length control field | 00669nam a2200145Ia 4500 |
| 008 - FIXED-LENGTH DATA ELEMENTS--GENERAL INFORMATION | |
| fixed length control field | 171212s9999 xx 000 0 und d |
| 020 ## - INTERNATIONAL STANDARD BOOK NUMBER | |
| International Standard Book Number | 9780874211245 |
| 100 ## - MAIN ENTRY--PERSONAL NAME | |
| Personal name | Paulsen, Deirdre |
| 245 ## - TITLE STATEMENT | |
| Statement of responsibility, etc | Paulsen, Deirdre |
| Title | Roll Away Saloon |
| 260 ## - PUBLICATION, DISTRIBUTION, ETC. (IMPRINT) | |
| Name of publisher, distributor, etc | University Press of Colorado |
| Date of publication, distribution, etc | 1985 |
| 440 ## - SERIES STATEMENT/ADDED ENTRY--TITLE | |
| Title | Western Experience Series |
| 650 ## - SUBJECT ADDED ENTRY--TOPICAL TERM | |
| Topical term or geographic name as entry element | History |
| 650 ## - SUBJECT ADDED ENTRY--TOPICAL TERM | |
| Topical term or geographic name as entry element | Rider, Rowland W., 1890-; Frontier and pioneer life -- Utah -- Kanab Region; Frontier and pioneer life -- Arizona -- Grand Canyon Region; Cowboys -- Utah -- Kanab Region -- Biography; Cowboys -- Arizona -- Grand Canyon Region -- Biography; Folklore -- Uta |
| 856 ## - ELECTRONIC LOCATION AND ACCESS | |
| Uniform Resource Identifier | <a href="http://www.jstor.org/stable/j.ctt46nxm7">http://www.jstor.org/stable/j.ctt46nxm7</a> |
| Withdrawn status | Lost status | Damaged status | Home library | Current library | Date acquired | Total Checkouts | Full call number | Date last seen | Price effective from | Koha item type |
|---|---|---|---|---|---|---|---|---|---|---|
| College Library | College Library | 12/12/2017 | F834.K36R527 1985 | 12/12/2017 | 12/12/2017 | Curriculum - Based eBooks |